[Event "ODJM B 2024"]
[Site "Willingen GER"]
[Date "2024.05.22"]
[Round "5"]
[White "Menke, Raphael Wilhelm"]
[Black "Liang, Jiaxuan"]
[Result "1-0"]
[Termination "normal"]
[Board "10"]
[WhiteElo "1776"]
[BlackElo "1673"]
[WhiteClock "00:10:39"]
[BlackClock "00:01:23"]
[PlyCount "63"]
[WhiteFideId "34621008"]
[BlackFideId "34675205"]
[EventCountry "GER"]
[EventRounds "9"]
[EventType "swiss"]
[EventDate "2024.05.18"]

1. e4 {[%clk 01:30:58]} c5 {[%clk 01:30:55]} {[%emt 00:00:05]} 2. Nc3 {[%clk
01:31:09]} {[%emt 00:00:19]} a6 {[%clk 01:31:17]} {[%emt 00:00:09]} 3. g3
{[%clk 01:30:46]} {[%emt 00:00:53]} e6 {[%clk 01:31:18]} {[%emt 00:00:30]} 4.
Bg2 {[%clk 01:30:46]} {[%emt 00:00:28]} Nc6 {[%clk 01:31:29]} {[%emt 00:00:19]}
5. Nge2 {[%clk 01:30:29]} {[%emt 00:00:48]} Nf6 {[%clk 01:30:11]} {[%emt
00:01:49]} 6. d3 {[%clk 01:30:03]} {[%emt 00:00:55]} Be7 {[%clk 01:27:15]}
{[%emt 00:03:26]} 7. O-O {[%clk 01:25:44]} {[%emt 00:04:48]} O-O {[%clk
01:25:06]} {[%emt 00:02:39]} 8. a4 {[%clk 01:24:12]} {[%emt 00:02:03]} d5
{[%clk 01:17:52]} {[%emt 00:07:44]} 9. exd5 {[%clk 01:20:58]} {[%emt 00:03:44]}
Nxd5 {[%emt 00:03:41]} 10. Nxd5 {[%clk 01:14:39]} {[%emt 00:06:45]} exd5 {[%clk
01:15:06]} {[%emt 00:00:08]} 11. Nf4 {[%clk 01:14:49]} {[%emt 00:00:20]} d4
{[%clk 01:09:22]} {[%emt 00:06:14]} 12. Bd2 {[%clk 01:07:52]} {[%emt 00:07:26]}
Re8 {[%clk 00:57:17]} {[%emt 00:12:36]} 13. Re1 {[%clk 01:00:08]} {[%emt
00:08:13]} Bd7 {[%clk 00:40:06]} {[%emt 00:17:42]} 14. a5 {[%clk 00:49:13]}
{[%emt 00:11:25]} Bd6 {[%clk 00:34:58]} {[%emt 00:05:38]} 15. Rxe8+ {[%clk
00:47:19]} {[%emt 00:02:24]} Bxe8 {[%clk 00:28:55]} {[%emt 00:06:34]} 16. Nd5
{[%clk 00:47:22]} {[%emt 00:00:26]} Ne7 {[%clk 00:27:04]} {[%emt 00:02:21]} 17.
Nb6 {[%clk 00:43:21]} {[%emt 00:04:30]} Rb8 {[%clk 00:26:21]} {[%emt 00:01:14]}
18. Qe2 {[%clk 00:42:51]} {[%emt 00:01:00]} Nc8 {[%clk 00:21:15]} {[%emt
00:05:37]} 19. Nc4 {[%clk 00:41:06]} {[%emt 00:02:14]} Bc7 {[%clk 00:20:53]}
{[%emt 00:00:53]} 20. Bg5 {[%clk 00:30:43]} {[%emt 00:10:52]} f6 {[%clk
00:19:06]} {[%emt 00:02:18]} 21. Bd2 {[%clk 00:25:54]} {[%emt 00:05:18]} Bf7
{[%clk 00:18:50]} {[%emt 00:00:46]} 22. b3 {[%clk 00:20:13]} {[%emt 00:06:12]}
Nd6 {[%clk 00:14:19]} {[%emt 00:05:01]} 23. Nxd6 {[%clk 00:19:35]} {[%emt
00:01:08]} Bxd6 {[%clk 00:13:47]} {[%emt 00:01:01]} 24. Qe4 {[%clk 00:16:58]}
{[%emt 00:03:06]} Qd7 {[%clk 00:11:00]} {[%emt 00:03:17]} 25. Re1 {[%clk
00:14:51]} {[%emt 00:02:36]} Bc7 {[%clk 00:07:54]} {[%emt 00:03:38]} 26. Qe7
{[%clk 00:13:16]} {[%emt 00:02:02]} Rd8 {[%clk 00:08:01]} {[%emt 00:00:26]} 27.
Qxc5 {[%clk 00:12:57]} {[%emt 00:00:48]} Be5 {[%clk 00:03:00]} {[%emt
00:05:33]} 28. Qb6 {[%clk 00:11:01]} {[%emt 00:02:25]} Bd5 {[%clk 00:02:18]}
{[%emt 00:01:12]} 29. Bxd5+ {[%clk 00:10:46]} {[%emt 00:00:45]} Qxd5 {[%clk
00:02:47]} 30. f4 {[%clk 00:10:53]} {[%emt 00:00:23]} Bb8 {[%clk 00:03:16]}
{[%emt 00:00:02]} 31. Re7 {[%clk 00:10:23]} {[%emt 00:00:58]} Qf3 {[%clk
00:01:23]} {[%emt 00:02:24]} 32. Qxd8# {[%clk 00:10:39]} {[%emt 00:00:14]} 1-0

[Event "ODJM B 2024"]
[Site "Willingen GER"]
[Date "2024.05.22"]
[Round "5"]
[White "Malan, Jan-Willem"]
[Black "Beckmann, Jonathan"]
[Result "0-1"]
[Termination "normal"]
[Board "11"]
[WhiteElo "1664"]
[BlackElo "1827"]
[WhiteClock "00:24:13"]
[BlackClock "00:14:02"]
[PlyCount "120"]
[WhiteFideId "34624260"]
[BlackFideId "34672591"]
[EventCountry "GER"]
[EventRounds "9"]
[EventType "swiss"]
[EventDate "2024.05.18"]

1. c4 {[%clk 01:30:59]} {[%emt 00:00:01]} e5 {[%clk 01:30:53]} {[%emt
00:00:07]} 2. g3 {[%clk 01:31:22]} {[%emt 00:00:07]} Nf6 {[%clk 01:31:17]}
{[%emt 00:00:06]} 3. Bg2 {[%clk 01:31:40]} {[%emt 00:00:12]} d5 {[%clk
01:31:41]} {[%emt 00:00:06]} 4. cxd5 {[%clk 01:31:56]} {[%emt 00:00:14]} Nxd5
{[%clk 01:32:05]} {[%emt 00:00:05]} 5. Nc3 {[%clk 01:32:10]} {[%emt 00:00:17]}
Nb6 {[%clk 01:32:28]} {[%emt 00:00:07]} 6. Nf3 {[%clk 01:30:25]} {[%emt
00:02:15]} Nc6 {[%clk 01:32:31]} {[%emt 00:00:27]} 7. O-O {[%clk 01:29:26]}
{[%emt 00:01:29]} Be7 {[%clk 01:32:52]} {[%emt 00:00:08]} 8. d3 {[%clk
01:28:27]} {[%emt 00:01:30]} Be6 {[%clk 01:33:06]} {[%emt 00:00:16]} 9. e3
{[%clk 01:26:44]} {[%emt 00:02:13]} O-O {[%clk 01:33:14]} {[%emt 00:00:21]} 10.
d4 {[%clk 01:26:18]} {[%emt 00:00:57]} exd4 {[%clk 01:32:44]} {[%emt 00:01:00]}
11. Nxd4 {[%clk 01:26:00]} {[%emt 00:00:47]} Nxd4 {[%clk 01:32:42]} {[%emt
00:00:33]} 12. Qxd4 {[%clk 01:25:55]} {[%emt 00:00:35]} Qxd4 {[%clk 01:32:26]}
{[%emt 00:00:45]} 13. exd4 {[%clk 01:26:12]} {[%emt 00:00:14]} c6 {[%clk
01:32:46]} {[%emt 00:00:09]} 14. Re1 {[%clk 01:24:06]} {[%emt 00:02:36]} Rad8
{[%clk 01:32:34]} {[%emt 00:00:42]} 15. Be3 {[%clk 01:22:09]} {[%emt 00:02:27]}
Rd7 {[%clk 01:30:32]} {[%emt 00:02:31]} 16. d5 {[%clk 01:14:27]} {[%emt
00:08:14]} Nxd5 {[%clk 01:17:40]} {[%emt 00:13:22]} 17. Nxd5 {[%clk 01:12:28]}
{[%emt 00:02:29]} Bxd5 {[%clk 01:17:41]} {[%emt 00:00:28]} 18. Bxd5 {[%clk
01:11:59]} {[%emt 00:01:00]} Rxd5 {[%clk 01:18:03]} {[%emt 00:00:08]} 19. Bxa7
{[%clk 01:11:38]} {[%emt 00:00:51]} Bf6 {[%clk 01:18:17]} {[%emt 00:00:15]} 20.
Rad1 {[%clk 01:04:58]} {[%emt 00:07:11]} Ra5 {[%clk 01:00:53]} {[%emt
00:17:51]} 21. Bd4 {[%clk 01:01:09]} {[%emt 00:04:21]} Bxd4 {[%clk 00:46:51]}
{[%emt 00:14:32]} 22. Rxd4 {[%clk 01:01:03]} {[%emt 00:00:37]} Rxa2 {[%clk
00:44:33]} {[%emt 00:02:47]} 23. Rb4 {[%clk 00:58:55]} {[%emt 00:02:39]} b5
{[%clk 00:44:19]} {[%emt 00:00:43]} 24. Rc1 {[%clk 00:58:20]} {[%emt 00:01:05]}
Ra6 {[%clk 00:44:32]} {[%emt 00:00:15]} 25. Rb3 {[%clk 00:58:24]} {[%emt
00:00:28]} g6 {[%clk 00:43:16]} {[%emt 00:01:46]} 26. Rbc3 {[%clk 00:58:04]}
{[%emt 00:00:50]} Rc8 {[%clk 00:42:52]} {[%emt 00:00:54]} 27. Rc5 {[%clk
00:57:20]} {[%emt 00:01:15]} Rb6 {[%clk 00:40:51]} {[%emt 00:02:31]} 28. Kg2
{[%clk 00:55:20]} {[%emt 00:02:30]} Kg7 {[%clk 00:41:01]} {[%emt 00:00:20]} 29.
Kf3 {[%clk 00:55:28]} {[%emt 00:00:21]} Kf6 {[%clk 00:41:22]} {[%emt 00:00:09]}
30. R1c2 {[%clk 00:54:09]} {[%emt 00:01:49]} Ke6 {[%clk 00:40:05]} {[%emt
00:01:46]} 31. Ke4 {[%clk 00:49:59]} {[%emt 00:04:41]} Kd6 {[%clk 00:40:14]}
{[%emt 00:00:18]} 32. Kd4 {[%clk 00:49:51]} {[%emt 00:00:41]} Ra8 {[%clk
00:38:58]} {[%emt 00:01:41]} 33. b4 {[%clk 00:48:09]} {[%emt 00:02:17]} Ra3
{[%clk 00:36:10]} {[%emt 00:03:13]} 34. Rb2 {[%clk 00:47:27]} {[%emt 00:01:17]}
Rb7 {[%clk 00:35:28]} {[%emt 00:01:11]} 35. Rc3 {[%clk 00:41:19]} {[%emt
00:06:39]} Ra4 {[%clk 00:26:52]} {[%emt 00:09:06]} 36. Rcc2 {[%clk 00:35:17]}
{[%emt 00:06:32]} Re7 {[%clk 00:24:58]} {[%emt 00:02:24]} 37. f4 {[%clk
00:29:22]} {[%emt 00:06:25]} f5 {[%clk 00:21:57]} {[%emt 00:03:31]} 38. Rd2
{[%clk 00:25:56]} {[%emt 00:03:57]} Ra3 {[%clk 00:19:15]} {[%emt 00:03:04]} 39.
Re2 {[%clk 00:21:56]} {[%emt 00:04:36]} Rxe2 {[%clk 00:16:43]} {[%emt
00:03:03]} 40. Rxe2 {[%clk 00:22:20]} {[%emt 00:00:06]} Rb3 {[%clk 00:16:58]}
{[%emt 00:00:12]} 41. Re8 {[%clk 00:22:38]} {[%emt 00:00:15]} Rxb4+ {[%clk
00:16:35]} {[%emt 00:00:53]} 42. Kc3 {[%clk 00:22:51]} {[%emt 00:00:18]} Re4
{[%clk 00:15:56]} {[%emt 00:01:05]} 43. Rxe4 {[%clk 00:21:02]} {[%emt
00:02:22]} fxe4 {[%clk 00:15:20]} {[%emt 00:01:06]} 44. Kd4 {[%clk 00:21:14]}
{[%emt 00:00:18]} b4 {[%clk 00:11:55]} {[%emt 00:03:55]} 45. Kxe4 {[%clk
00:21:26]} {[%emt 00:00:18]} c5 {[%clk 00:10:50]} {[%emt 00:01:34]} 46. h3
{[%clk 00:19:30]} {[%emt 00:02:27]} h5 {[%clk 00:09:55]} {[%emt 00:01:24]} 47.
g4 {[%clk 00:19:37]} {[%emt 00:00:24]} hxg4 {[%clk 00:10:03]} {[%emt 00:00:22]}
48. hxg4 {[%clk 00:20:00]} {[%emt 00:00:07]} b3 {[%clk 00:10:01]} {[%emt
00:00:32]} 49. Kd3 {[%clk 00:20:22]} {[%emt 00:00:08]} c4+ {[%clk 00:10:15]}
{[%emt 00:00:16]} 50. Kc3 {[%clk 00:20:34]} {[%emt 00:00:18]} Kd5 {[%clk
00:10:27]} {[%emt 00:00:17]} 51. f5 {[%clk 00:20:53]} {[%emt 00:00:12]} gxf5
{[%clk 00:10:52]} {[%emt 00:00:05]} 52. gxf5 {[%clk 00:21:12]} {[%emt
00:00:11]} Ke5 {[%clk 00:11:15]} {[%emt 00:00:06]} 53. f6 {[%clk 00:21:41]}
{[%emt 00:00:02]} Kxf6 {[%clk 00:11:39]} {[%emt 00:00:06]} 54. Kb2 {[%clk
00:22:07]} {[%emt 00:00:04]} Ke5 {[%clk 00:12:03]} {[%emt 00:00:05]} 55. Kc3
{[%clk 00:22:30]} {[%emt 00:00:08]} Kd5 {[%clk 00:12:28]} {[%emt 00:00:04]} 56.
Kd2 {[%clk 00:22:43]} {[%emt 00:00:17]} Kc5 {[%clk 00:12:48]} {[%emt 00:00:10]}
57. Kc3 {[%clk 00:23:08]} {[%emt 00:00:06]} Kb5 {[%clk 00:13:12]} {[%emt
00:00:05]} 58. Kb2 {[%clk 00:23:27]} {[%emt 00:00:12]} Kb4 {[%clk 00:13:35]}
{[%emt 00:00:07]} 59. Kc1 {[%clk 00:23:48]} {[%emt 00:00:08]} Ka3 {[%clk
00:13:49]} {[%emt 00:00:16]} 60. Kb1 {[%clk 00:24:13]} {[%emt 00:00:05]} b2
{[%clk 00:14:02]} {[%emt 00:00:17]} 0-1

[Event "ODJM B 2024"]
[Site "Willingen GER"]
[Date "2024.05.22"]
[Round "5"]
[White "Ensslen, Jakob"]
[Black "Tran, Minh Dat"]
[Result "1/2-1/2"]
[Termination "normal"]
[Board "12"]
[WhiteElo "1740"]
[BlackElo "1731"]
[WhiteClock "00:12:22"]
[BlackClock "00:15:35"]
[PlyCount "48"]
[WhiteFideId "34640258"]
[BlackFideId "16244702"]
[EventCountry "GER"]
[EventRounds "9"]
[EventType "swiss"]
[EventDate "2024.05.18"]

1. d4 {[%emt 00:00:09]} Nf6 {[%clk 01:30:54]} 2. Bf4 {[%clk 01:31:17]} {[%emt
00:00:08]} c5 {[%clk 01:31:21]} {[%emt 00:00:04]} 3. e3 {[%clk 01:25:08]}
{[%emt 00:06:39]} e6 {[%clk 01:28:25]} {[%emt 00:03:25]} 4. c3 {[%clk
01:24:26]} {[%emt 00:01:12]} Nc6 {[%clk 01:27:17]} {[%emt 00:01:37]} 5. Nd2
{[%clk 01:22:38]} {[%emt 00:02:18]} d5 {[%clk 01:24:41]} {[%emt 00:03:07]} 6.
Bd3 {[%clk 01:21:49]} {[%emt 00:01:18]} Bd6 {[%clk 01:22:33]} {[%emt 00:02:38]}
7. Ngf3 {[%clk 01:18:16]} {[%emt 00:04:03]} Bxf4 {[%clk 01:19:56]} {[%emt
00:03:08]} 8. exf4 {[%clk 01:18:36]} {[%emt 00:00:09]} cxd4 {[%clk 01:20:15]}
{[%emt 00:00:12]} 9. cxd4 {[%clk 01:14:57]} {[%emt 00:04:09]} Qd6 {[%clk
01:15:01]} {[%emt 00:05:44]} 10. g3 {[%clk 00:46:58]} {[%emt 00:28:29]} Qb4
{[%clk 01:05:13]} {[%emt 00:10:18]} 11. a3 {[%clk 00:40:13]} {[%emt 00:07:16]}
Qxb2 {[%clk 01:02:04]} {[%emt 00:03:38]} 12. Nb3 {[%clk 00:35:42]} {[%emt
00:05:01]} Qc3+ {[%clk 01:02:20]} {[%emt 00:00:12]} 13. Kf1 {[%clk 00:30:24]}
{[%emt 00:05:50]} Bd7 {[%clk 00:53:30]} {[%emt 00:09:20]} 14. Kg2 {[%clk
00:24:13]} {[%emt 00:06:41]} O-O {[%clk 00:29:57]} {[%emt 00:24:01]} 15. Qb1
{[%clk 00:20:24]} {[%emt 00:04:20]} Na5 {[%clk 00:25:08]} {[%emt 00:05:20]} 16.
Nc5 {[%clk 00:15:43]} {[%emt 00:05:11]} Nc4 {[%clk 00:25:35]} {[%emt 00:00:03]}
17. Nxd7 {[%clk 00:14:20]} {[%emt 00:01:52]} Nxd7 {[%clk 00:24:51]} {[%emt
00:01:15]} 18. Bxh7+ {[%clk 00:13:26]} {[%emt 00:01:23]} Kh8 {[%clk 00:25:17]}
{[%emt 00:00:04]} 19. Rc1 {[%clk 00:12:39]} {[%emt 00:01:17]} Qxf3+ {[%clk
00:23:25]} {[%emt 00:02:23]} 20. Kxf3 {[%clk 00:12:41]} {[%emt 00:00:28]} Nd2+
{[%clk 00:23:53]} {[%emt 00:00:02]} 21. Kg2 {[%clk 00:12:51]} {[%emt 00:00:19]}
Nxb1 {[%clk 00:24:19]} {[%emt 00:00:04]} 22. Bxb1 {[%clk 00:13:16]} {[%emt
00:00:06]} Rfc8 {[%clk 00:17:33]} {[%emt 00:07:15]} 23. Bd3 {[%clk 00:13:08]}
{[%emt 00:00:38]} Kg8 {[%clk 00:17:34]} {[%emt 00:00:30]} 24. f5 {[%clk
00:12:22]} {[%emt 00:01:16]} e5 {[%clk 00:15:35]} {[%emt 00:02:29]} 1/2-1/2

[Event "ODJM B 2024"]
[Site "Willingen GER"]
[Date "2024.05.22"]
[Round "5"]
[White "Kuhlmann, Nils Magnus"]
[Black "Reger, Christoph"]
[Result "1/2-1/2"]
[Termination "normal"]
[Board "14"]
[WhiteElo "1757"]
[BlackElo "1623"]
[WhiteClock "00:48:55"]
[BlackClock "00:28:37"]
[PlyCount "41"]
[WhiteFideId "16287177"]
[BlackFideId "16287606"]
[EventCountry "GER"]
[EventRounds "9"]
[EventType "swiss"]
[EventDate "2024.05.18"]

1. e4 {[%clk 01:30:53]} {[%emt 00:00:06]} c5 {[%clk 01:30:56]} {[%emt
00:00:05]} 2. Nf3 {[%clk 01:31:05]} {[%emt 00:00:18]} e6 {[%clk 01:31:21]}
{[%emt 00:00:05]} 3. d4 {[%clk 01:31:16]} {[%emt 00:00:19]} cxd4 {[%clk
01:31:47]} {[%emt 00:00:05]} 4. Nxd4 {[%clk 01:31:42]} {[%emt 00:00:04]} a6
{[%clk 01:32:13]} {[%emt 00:00:03]} 5. Bd3 {[%clk 01:31:34]} {[%emt 00:00:38]}
Qc7 {[%clk 01:32:37]} {[%emt 00:00:06]} 6. O-O {[%clk 01:30:48]} {[%emt
00:01:17]} b5 {[%clk 01:32:28]} {[%emt 00:00:38]} 7. a4 {[%clk 01:29:34]}
{[%emt 00:01:44]} b4 {[%clk 01:32:33]} {[%emt 00:00:25]} 8. Nd2 {[%emt
00:02:34]} Bc5 {[%clk 01:29:49]} {[%emt 00:02:23]} 9. N4b3 {[%clk 01:25:19]}
{[%emt 00:03:34]} Ba7 {[%clk 01:29:14]} {[%emt 00:01:04]} 10. Nc4 {[%clk
01:23:53]} {[%emt 00:01:56]} Nc6 {[%clk 01:26:57]} {[%emt 00:02:46]} 11. Re1
{[%clk 01:22:58]} {[%emt 00:01:26]} Nge7 {[%clk 01:18:21]} {[%emt 00:09:05]}
12. e5 {[%clk 01:18:39]} {[%emt 00:04:50]} O-O {[%clk 01:18:25]} {[%emt
00:00:25]} 13. Be3 {[%clk 01:15:53]} {[%emt 00:03:17]} f6 {[%clk 01:15:24]}
{[%emt 00:03:31]} 14. Bxa7 {[%clk 01:14:35]} {[%emt 00:01:48]} Qxa7 {[%clk
01:13:07]} {[%emt 00:02:46]} 15. Qd2 {[%clk 01:10:21]} {[%emt 00:04:44]} fxe5
{[%clk 01:01:59]} {[%emt 00:11:39]} 16. Nxe5 {[%clk 01:10:04]} {[%emt
00:00:47]} Nxe5 {[%clk 01:00:55]} {[%emt 00:01:33]} 17. Rxe5 {[%clk 01:10:15]}
{[%emt 00:00:20]} g6 {[%clk 00:53:08]} {[%emt 00:08:17]} 18. Rf1 {[%clk
01:04:10]} {[%emt 00:06:34]} d5 {[%clk 00:43:18]} {[%emt 00:10:20]} 19. Be2
{[%clk 00:59:19]} {[%emt 00:05:21]} Rf6 {[%clk 00:30:08]} {[%emt 00:13:40]} 20.
Nd4 {[%clk 00:59:05]} {[%emt 00:00:45]} Qc7 {[%clk 00:28:37]} {[%emt 00:02:01]}
21. Qg5 {[%clk 00:48:55]} {[%emt 00:10:39]} 1/2-1/2

[Event "ODJM B 2024"]
[Site "Willingen GER"]
[Date "2024.05.22"]
[Round "5"]
[White "Sniegowski, Richard"]
[Black "Stülcken, Philipp"]
[Result "1/2-1/2"]
[Termination "normal"]
[Board "15"]
[WhiteElo "1683"]
[BlackElo "1780"]
[WhiteClock "00:56:27"]
[BlackClock "00:42:19"]
[PlyCount "42"]
[WhiteFideId "34664181"]
[BlackFideId "12986232"]
[EventCountry "GER"]
[EventRounds "9"]
[EventType "swiss"]
[EventDate "2024.05.18"]

1. e4 {[%clk 01:30:59]} e5 {[%clk 01:30:55]} {[%emt 00:00:06]} 2. Nf3 {[%clk
01:31:25]} {[%emt 00:00:04]} Nc6 {[%clk 01:31:21]} {[%emt 00:00:04]} 3. c3
{[%clk 01:31:50]} {[%emt 00:00:05]} Nf6 {[%clk 01:31:28]} {[%emt 00:00:22]} 4.
d4 {[%clk 01:32:17]} {[%emt 00:00:04]} exd4 {[%clk 01:30:51]} {[%emt 00:01:07]}
5. e5 {[%clk 01:32:36]} {[%emt 00:00:11]} Nd5 {[%clk 01:30:50]} {[%emt
00:00:30]} 6. cxd4 {[%clk 01:32:59]} {[%emt 00:00:07]} Bb4+ {[%clk 01:30:55]}
{[%emt 00:00:25]} 7. Bd2 {[%clk 01:32:15]} {[%emt 00:01:15]} Bxd2+ {[%clk
01:30:30]} {[%emt 00:00:55]} 8. Nbxd2 {[%emt 00:03:10]} d6 {[%clk 01:25:25]}
{[%emt 00:03:56]} 9. Bc4 {[%clk 01:28:39]} {[%emt 00:03:03]} Nf4 {[%clk
01:21:54]} {[%emt 00:04:02]} 10. O-O {[%clk 01:26:49]} {[%emt 00:02:20]} d5
{[%clk 01:21:18]} {[%emt 00:01:05]} 11. Bb5 {[%clk 01:22:42]} {[%emt 00:04:38]}
Bd7 {[%clk 01:19:58]} {[%emt 00:01:50]} 12. Re1 {[%clk 01:14:11]} {[%emt
00:09:01]} Ne7 {[%clk 01:18:10]} {[%emt 00:02:18]} 13. Bxd7+ {[%clk 01:10:36]}
{[%emt 00:04:05]} Qxd7 {[%clk 01:17:44]} {[%emt 00:00:56]} 14. Nb3 {[%clk
01:10:56]} {[%emt 00:00:10]} b6 {[%clk 01:12:56]} {[%emt 00:05:19]} 15. h3
{[%clk 01:10:18]} {[%emt 00:01:07]} Neg6 {[%clk 01:12:06]} {[%emt 00:01:20]}
16. Nc1 {[%clk 01:05:33]} {[%emt 00:05:15]} O-O {[%clk 01:03:32]} {[%emt
00:09:03]} 17. Ne2 {[%clk 01:04:33]} {[%emt 00:01:30]} Ne6 {[%clk 00:52:29]}
{[%emt 00:11:34]} 18. Rc1 {[%clk 01:02:08]} {[%emt 00:02:55]} Rac8 {[%clk
00:47:18]} {[%emt 00:05:41]} 19. Qd2 {[%clk 00:59:06]} {[%emt 00:03:32]} Kh8
{[%clk 00:46:35]} {[%emt 00:01:13]} 20. Rc3 {[%clk 00:58:25]} {[%emt 00:01:12]}
Rfd8 {[%clk 00:43:57]} {[%emt 00:03:07]} 21. Rec1 {[%clk 00:56:27]} {[%emt
00:02:28]} c5 {[%clk 00:42:19]} {[%emt 00:02:08]} 1/2-1/2

[Event "ODJM B 2024"]
[Site "Willingen GER"]
[Date "2024.05.22"]
[Round "5"]
[White "Haidekker, Kilian"]
[Black "Fischer, Lorenz"]
[Result "1-0"]
[Termination "normal"]
[Board "16"]
[WhiteElo "1690"]
[BlackElo "1714"]
[WhiteClock "00:18:47"]
[BlackClock "00:34:16"]
[PlyCount "101"]
[WhiteFideId "34621741"]
[BlackFideId "16296710"]
[EventCountry "GER"]
[EventRounds "9"]
[EventType "swiss"]
[EventDate "2024.05.18"]

1. e4 {[%clk 01:30:58]} {[%emt 00:00:01]} c5 {[%clk 01:30:55]} {[%emt
00:00:06]} 2. Nf3 {[%clk 01:31:20]} {[%emt 00:00:08]} Nc6 {[%clk 01:31:20]}
{[%emt 00:00:05]} 3. c3 {[%clk 01:31:42]} {[%emt 00:00:07]} d5 {[%clk
01:31:36]} {[%emt 00:00:13]} 4. exd5 {[%clk 01:31:55]} {[%emt 00:00:18]} Qxd5
{[%clk 01:32:00]} {[%emt 00:00:07]} 5. d4 {[%clk 01:31:52]} {[%emt 00:00:32]}
Bg4 {[%clk 01:31:42]} {[%emt 00:00:49]} 6. Be2 {[%clk 01:30:28]} {[%emt
00:01:53]} e6 {[%clk 01:29:33]} {[%emt 00:04:06]} 7. Be3 {[%clk 01:22:48]}
{[%emt 00:06:43]} Nf6 {[%clk 01:20:14]} {[%emt 00:09:50]} 8. dxc5 {[%clk
01:13:47]} {[%emt 00:09:30]} Qxd1+ {[%clk 01:13:22]} {[%emt 00:07:22]} 9. Bxd1
{[%clk 01:13:33]} {[%emt 00:00:44]} a5 {[%clk 01:09:42]} {[%emt 00:04:10]} 10.
Nbd2 {[%clk 01:01:26]} {[%emt 00:12:37]} Nd5 {[%clk 01:00:55]} {[%emt
00:09:18]} 11. Bd4 {[%clk 00:46:05]} {[%emt 00:15:51]} f6 {[%clk 00:56:48]}
{[%emt 00:04:37]} 12. Bb3 {[%clk 00:44:40]} {[%emt 00:01:55]} Nf4 {[%clk
00:52:14]} {[%emt 00:05:03]} 13. O-O {[%clk 00:20:03]} {[%emt 00:25:06]} Bxf3
{[%clk 00:49:22]} {[%emt 00:03:23]} 14. Nxf3 {[%clk 00:19:25]} {[%emt
00:01:08]} e5 {[%clk 00:48:35]} {[%emt 00:01:18]} 15. Be3 {[%clk 00:17:00]}
{[%emt 00:02:55]} Nd3 {[%clk 00:47:03]} {[%emt 00:02:01]} 16. Rab1 {[%clk
00:15:51]} {[%emt 00:01:39]} O-O-O {[%clk 00:41:06]} {[%emt 00:06:28]} 17. Rfd1
{[%clk 00:13:28]} {[%emt 00:02:52]} Nxc5 {[%clk 00:39:38]} {[%emt 00:01:58]}
18. Rxd8+ {[%clk 00:13:11]} {[%emt 00:00:47]} Nxd8 {[%clk 00:36:52]} {[%emt
00:03:17]} 19. Bc2 {[%clk 00:13:03]} {[%emt 00:00:38]} Be7 {[%clk 00:32:07]}
{[%emt 00:05:15]} 20. Rd1 {[%clk 00:12:54]} {[%emt 00:00:38]} g6 {[%clk
00:31:34]} {[%emt 00:01:03]} 21. Rd5 {[%clk 00:11:32]} {[%emt 00:01:52]} Nde6
{[%clk 00:29:31]} {[%emt 00:02:34]} 22. b4 {[%clk 00:09:27]} {[%emt 00:02:34]}
axb4 {[%clk 00:28:58]} {[%emt 00:01:03]} 23. cxb4 {[%clk 00:09:53]} {[%emt
00:00:05]} Na6 {[%clk 00:28:40]} {[%emt 00:00:48]} 24. a3 {[%clk 00:08:55]}
{[%emt 00:01:27]} Nac7 {[%clk 00:27:48]} {[%emt 00:01:23]} 25. Rd1 {[%clk
00:08:45]} {[%emt 00:00:39]} Rd8 {[%clk 00:27:49]} {[%emt 00:00:29]} 26. Rxd8+
{[%clk 00:08:36]} {[%emt 00:00:40]} Bxd8 {[%clk 00:27:36]} {[%emt 00:00:43]}
27. Bb6 {[%clk 00:07:44]} {[%emt 00:01:21]} Nb5 {[%clk 00:26:09]} {[%emt
00:01:57]} 28. Bxd8 {[%clk 00:07:24]} {[%emt 00:00:50]} Kxd8 {[%clk 00:26:27]}
{[%emt 00:00:12]} 29. a4 {[%clk 00:07:17]} {[%emt 00:00:38]} Nbd4 {[%clk
00:26:27]} {[%emt 00:00:30]} 30. Nxd4 {[%clk 00:07:33]} {[%emt 00:00:14]} Nxd4
{[%clk 00:26:38]} {[%emt 00:00:18]} 31. Bd3 {[%clk 00:06:04]} {[%emt 00:01:59]}
b6 {[%clk 00:26:05]} {[%emt 00:01:03]} 32. Kf1 {[%clk 00:03:28]} {[%emt
00:03:07]} Kd7 {[%clk 00:24:15]} {[%emt 00:02:20]} 33. Ke1 {[%clk 00:02:52]}
{[%emt 00:01:05]} Nc6 {[%clk 00:23:00]} {[%emt 00:01:46]} 34. Bb5 {[%clk
00:03:10]} {[%emt 00:00:11]} Kd6 {[%clk 00:22:50]} {[%emt 00:00:40]} 35. Bxc6
{[%clk 00:02:33]} {[%emt 00:01:08]} Kxc6 {[%clk 00:23:11]} {[%emt 00:00:09]}
36. Ke2 {[%clk 00:02:24]} {[%emt 00:00:39]} b5 {[%clk 00:22:12]} {[%emt
00:01:29]} 37. a5 {[%clk 00:02:41]} {[%emt 00:00:13]} f5 {[%clk 00:18:50]}
{[%emt 00:03:52]} 38. f3 {[%clk 00:01:29]} {[%emt 00:01:42]} h5 {[%clk
00:17:38]} {[%emt 00:01:42]} 39. Ke3 {[%clk 00:00:52]} {[%emt 00:01:07]} Kd6
{[%clk 00:16:48]} {[%emt 00:01:19]} 40. g4 {[%clk 00:00:40]} {[%emt 00:00:42]}
f4+ {[%clk 00:08:44]} {[%emt 00:08:34]} 41. Kf2 {[%clk 00:17:37]} {[%emt
00:13:33]} hxg4 {[%clk 00:37:58]} {[%emt 00:01:17]} 42. fxg4 {[%clk 00:17:58]}
{[%emt 00:00:08]} g5 {[%clk 00:38:04]} {[%emt 00:00:24]} 43. a6 {[%clk
00:16:34]} {[%emt 00:01:55]} Kc7 {[%clk 00:38:23]} {[%emt 00:00:11]} 44. a7
{[%clk 00:17:00]} {[%emt 00:00:04]} Kb7 {[%clk 00:38:28]} {[%emt 00:00:25]} 45.
a8=Q+ {[%emt 00:00:05]} Kxa8 {[%clk 00:38:52]} {[%emt 00:00:04]} 46. h4 {[%clk
00:17:53]} {[%emt 00:00:03]} gxh4 {[%clk 00:38:26]} {[%emt 00:00:56]} 47. g5
{[%clk 00:18:19]} {[%emt 00:00:05]} h3 {[%clk 00:35:52]} {[%emt 00:03:04]} 48.
g6 {[%clk 00:18:36]} {[%emt 00:00:13]} h2 {[%clk 00:33:30]} {[%emt 00:02:52]}
49. Kg2 {[%clk 00:18:47]} {[%emt 00:00:19]} f3+ {[%clk 00:33:50]} {[%emt
00:00:10]} 50. Kxh2 {[%clk 00:18:47]} {[%emt 00:00:29]} f2 {[%clk 00:34:16]}
{[%emt 00:00:03]} 51. Kg2 {[%emt 00:00:27]} 1-0